ضمانات تحقيق المحاكمة العادلة في المحاكمات عن بعد : "دراسة مقارنة" = Guarantees for achieving a fair trial in remote trials : "a comparative study" / (Record no. 33606)
[ view plain ]
| 000 -LEADER | |
|---|---|
| fixed length control field | 00962nam a22001937a 4500 |
| 003 - CONTROL NUMBER IDENTIFIER | |
| control field | JO-AjAnu |
| 005 - DATE AND TIME OF LATEST TRANSACTION | |
| control field | 20240709103503.0 |
| 008 - FIXED-LENGTH DATA ELEMENTS--GENERAL INFORMATION | |
| fixed length control field | 240709b jo ||||| |||| 00| 0 ara d |
| 040 ## - CATALOGING SOURCE | |
| Original cataloging agency | JO-AjAnu |
| Language of cataloging | ara |
| Transcribing agency | JO-AjAnu |
| 041 #1 - LANGUAGE CODE | |
| Language code of original | ara |
| 100 ## - MAIN ENTRY--PERSONAL NAME | |
| Personal name | بني حمد، عمر يوسف فياض |
| Relator term | معد |
| 9 (RLIN) | 66107 |
| 245 10 - TITLE STATEMENT | |
| Title | ضمانات تحقيق المحاكمة العادلة في المحاكمات عن بعد : "دراسة مقارنة" = Guarantees for achieving a fair trial in remote trials : "a comparative study" / |
| Statement of responsibility, etc. | اعداد عمر يوسف فياض بني حمد ؛ اشراف احمد فهد البطوش |
| 260 ## - PUBLICATION, DISTRIBUTION, ETC. | |
| Date of publication, distribution, etc. | 2024 |
| 300 ## - PHYSICAL DESCRIPTION | |
| Extent | 74 ورقة |
| 500 ## - GENERAL NOTE | |
| General note | رسالة جامعية (اطروحة ماجستير) جامعة عجلون الوطنية، كلية الحقوق، تخصص القانون، 2024 |
| 650 #7 - SUBJECT ADDED ENTRY--TOPICAL TERM | |
| Form subdivision | المحاكمات العادلة |
| 700 ## - ADDED ENTRY--PERSONAL NAME | |
| Personal name | البطوش، احمد فهد |
| Relator term | مشرف |
| 9 (RLIN) | 66108 |
| 942 ## - ADDED ENTRY ELEMENTS (KOHA) | |
| Source of classification or shelving scheme | Library of Congress Classification |
| Koha item type | Thesis |
| Suppress in OPAC | No |
| Withdrawn status | Lost status | Source of classification or shelving scheme | Damaged status | Not for loan | Home library | Current library | Date acquired | Total Checkouts | Full call number | Barcode | Date last seen | Price effective from | Koha item type |
|---|---|---|---|---|---|---|---|---|---|---|---|---|---|
| Library of Congress Classification | مكتبة جامعة عجلون الوطنية | مكتبة جامعة عجلون الوطنية | 09/07/2024 | K3251.2024 | A29931 | 09/07/2024 | 09/07/2024 | Thesis | |||||
| Library of Congress Classification | مكتبة جامعة عجلون الوطنية | مكتبة جامعة عجلون الوطنية | 09/07/2024 | K3251.2024 | A29930 | 09/07/2024 | 09/07/2024 | Thesis |